Teaching of mathematics (Record no. 5844)

MARC details
000 -LEADER
fixed length control field 00555cam a2200205ua 4500
001 - CONTROL NUMBER
control field 6701
005 - DATE AND TIME OF LATEST TRANSACTION
control field 20260515114107.0
008 - FIXED-LENGTH DATA ELEMENTS--GENERAL INFORMATION
fixed length control field 140630n ii |||gr||||Z||||||eng
020 ## - INTERNATIONAL STANDARD BOOK NUMBER
International Standard Book Number 978-81-207-1747-3
040 ## - CATALOGING SOURCE
Transcribing agency MAIN
082 ## - DEWEY DECIMAL CLASSIFICATION NUMBER
Classification number 510.071
245 ## - TITLE STATEMENT
Title Teaching of mathematics
Statement of responsibility, etc. By Kulbir Singh Sidhu
250 ## - EDITION STATEMENT
Edition statement 4th rev/ 12th rep.
260 ## - PUBLICATION, DISTRIBUTION, ETC.
Place of publication, distribution, etc. New delhi:
Name of publisher, distributor, etc. Sterling publishers private limited,
Date of publication, distribution, etc. 2006.
300 ## - PHYSICAL DESCRIPTION
Extent x,390p.
653 ## - INDEX TERM--UNCONTROLLED
Uncontrolled term Mathematics
653 ## - INDEX TERM--UNCONTROLLED
Uncontrolled term Teaching of mathematics
700 ## - ADDED ENTRY--PERSONAL NAME
Personal name Sidhu,Kulbir Singh,
Relator term Author.
942 ## - ADDED ENTRY ELEMENTS (KOHA)
Koha item type Books
Holdings
Withdrawn status Lost status Damaged status Not for loan Home library Current library Shelving location Date acquired Total checkouts Full call number Barcode Date last seen Copy number Price effective from Koha item type
        Naharkatiya College Library Naharkatiya College Library General stacks 09/19/2020   510.071 | SID 21228 09/19/2020 1 09/19/2020 Books